[Event "C.to Provinciale BG"]
[Site "Treviglio ITA"]
[Date "2014.01.25"]
[Round "4"]
[White "Corbellini, Nicola"]
[Black "Mansueti, Marco"]
[WhiteElo "1938"]
[BlackElo "1865"]
[Result "1-0"]
[PlyCount "35"]
[EventDate "2014.01.18"]

1. e4 e5 2. Nf3 Nc6 3. Bb5 Nf6 4. O-O Bc5 5. c3 O-O 6. d4 Bb6 7. Bg5 Qe8 8. Qd3
exd4 9. Bxf6 gxf6 10. cxd4 d6 11. Nc3 Bd7 12. Nd5 Qd8 13. Qd2 Be6 14. Nxb6 axb6
15. d5 Na7 16. Bd3 Bd7 17. Qh6 Bb5 18. e5 1-0

[Event "C.to Provinciale BG"]
[Site "Treviglio ITA"]
[Date "2014.01.25"]
[Round "4"]
[White "Filice, Davide"]
[Black "Andolfatto, Maria"]
[WhiteElo "1783"]
[BlackElo "1493"]
[Result "1-0"]
[PlyCount "72"]
[EventDate "2014.01.18"]

1. d4 d5 2. c4 e6 3. Nc3 Nf6 4. cxd5 exd5 5. Bg5 Be7 6. Qc2 O-O 7. e3 c6 8. Bd3
h6 9. Bxf6 Bxf6 10. b4 b6 11. Nf3 Bb7 12. O-O Be7 13. Rab1 Qc7 14. Nxd5 Qd8 15.
Nxe7+ Qxe7 16. Ne5 Rc8 17. Bc4 Qf6 18. Bxf7+ Kf8 19. Qc4 Ke7 20. Ng6+ Kd8 21.
Qe6 Qxe6 22. Bxe6 Rc7 23. e4 Nd7 24. e5 Nf8 25. Nxf8 Ke7 26. f4 Rxf8 27. Bc4
Rd7 28. Rbd1 Rfd8 29. Rd3 Rxd4 30. Rfd1 Rxd3 31. Rxd3 Rxd3 32. Bxd3 Ke6 33.
Bc4+ Ke7 34. Kf2 c5 35. bxc5 bxc5 36. g4 g6 1-0

[Event "C.to Provinciale BG"]
[Site "Treviglio ITA"]
[Date "2014.01.25"]
[Round "4"]
[White "Foglieni, Matteo"]
[Black "Bonassi, Tommaso"]
[WhiteElo "1853"]
[BlackElo "1953"]
[Result "0-1"]
[PlyCount "48"]
[EventDate "2014.01.18"]

1. Nf3 c5 2. g3 Nc6 3. Bg2 d5 4. O-O e5 5. d3 Nf6 6. Nbd2 Be7 7. e4 d4 8. Nc4
Qc7 9. a4 Be6 10. Ne1 Nd7 11. f4 f6 12. Bh3 Bxh3 13. Qh5+ g6 14. Qxh3 O-O-O 15.
fxe5 fxe5 16. Bh6 Rhg8 17. Nf3 g5 18. g4 Rg6 19. Rf2 Na5 20. Nxa5 Qxa5 21. Bxg5
Bxg5 22. Qxh7 Rh6 23. Nxg5 Rxh7 24. Nxh7 Qb6 0-1

[Event "C.to Provinciale BG"]
[Site "Treviglio ITA"]
[Date "2014.01.25"]
[Round "4"]
[White "Guerini, Sara"]
[Black "Folcini, Gaddo"]
[WhiteElo "1754"]
[BlackElo "1579"]
[Result "0-1"]
[PlyCount "44"]
[EventDate "2014.01.18"]

1. e4 e5 2. Nf3 d5 3. exd5 e4 4. Qe2 Nf6 5. d3 Bf5 6. Nbd2 Qxd5 7. Nh4 Be7 8.
Nxf5 Qxf5 9. dxe4 Qg6 10. Qb5+ Nbd7 11. Qxb7 O-O 12. Qxc7 Bc5 13. Qg3 Ng4 14.
Qf4 Bxf2+ 15. Ke2 Bc5 16. g3 Nf2 17. Rg1 Rfe8 18. Bg2 Ne5 19. Rf1 Qh5+ 20. Nf3
Ng6 21. Qd2 Nxe4 22. Qd3 Nf2+ 0-1

[Event "C.to Provinciale BG"]
[Site "Treviglio ITA"]
[Date "2014.01.25"]
[Round "4"]
[White "Guerini, Silvia jr"]
[Black "Ferrari, Paolo"]
[WhiteElo "1823"]
[BlackElo "1661"]
[Result "1-0"]
[PlyCount "145"]
[EventDate "2014.01.18"]

1. e4 c5 2. Nc3 Nc6 3. f4 g6 4. Nf3 Bg7 5. Bc4 Nf6 6. O-O d6 7. d3 O-O 8. Qe1
Bg4 9. Qf2 a6 10. a4 Bxf3 11. Qxf3 Nd4 12. Qf2 Qd7 13. h3 b5 14. Bd5 Ra7 15. a5
Nxd5 16. Nxd5 e6 17. Ne3 f5 18. Qe1 fxe4 19. dxe4 Qc6 20. Qd1 Qxe4 21. c3 Nf5
22. Nxf5 exf5 23. Qxd6 Qe7 24. Qd5+ Kh8 25. Qf3 Re8 26. Bd2 Qd8 27. Be3 Rc7 28.
Rad1 Qa8 29. Qf2 b4 30. c4 Qe4 31. Bxc5 Qxc4 32. Bb6 Rce7 33. Rc1 Qe2 34. Qc5
Qxb2 35. Rb1 Qc3 36. Rxb4 Qxc5+ 37. Bxc5 Re6 38. Bd4 Bxd4+ 39. Rxd4 Kg7 40.
Rfd1 h6 41. Rd6 Kf7 42. Rb6 Re1+ 43. Rxe1 Rxe1+ 44. Kf2 Re6 45. g4 fxg4 46.
hxg4 Ke7 47. Rb7+ Kd6 48. Rh7 g5 49. f5 Rf6 50. Rb7 h5 51. Kf3 hxg4+ 52. Kxg4
Ke5 53. Re7+ Kd6 54. Rg7 Ke5 55. Rxg5 Rh6 56. Rg6 Rh8 57. Re6+ Kd5 58. Rxa6
Rg8+ 59. Rg6 Rc8 60. a6 Rc1 61. Kg5 Ra1 62. Re6 Rg1+ 63. Kf6 Ra1 64. Kf7 Ra2
65. Ke7 Rc2 66. Kd7 Rh2 67. f6 Rf2 68. Rd6+ Ke5 69. Rb6 Kd5 70. a7 Ra2 71. Rb7
Kc5 72. f7 Rf2 73. a8=Q 1-0

[Event "C.to Provinciale BG"]
[Site "Treviglio ITA"]
[Date "2014.01.25"]
[Round "4"]
[White "Locatelli, Andrea"]
[Black "Ranfagni, Stefano"]
[WhiteElo "2110"]
[BlackElo "2005"]
[Result "1-0"]
[PlyCount "87"]
[EventDate "2014.01.18"]

1. e4 e5 2. Nf3 Nc6 3. Bb5 a6 4. Ba4 Nf6 5. O-O d6 6. d3 Be7 7. a3 O-O 8. h3 b5
9. Bb3 Na5 10. Ba2 c5 11. Bg5 h6 12. Bxf6 Bxf6 13. Nc3 Bb7 14. Bd5 Rc8 15. a4
b4 16. Bxb7 Nxb7 17. Nd5 g6 18. Nd2 Bg7 19. Nc4 a5 20. Qg4 Kh7 21. f4 f5 22.
exf5 gxf5 23. Qf3 exf4 24. Nxf4 Rf7 25. Qd5 Qf6 26. Kh1 Rcf8 27. Rae1 Qd4 28.
Re6 Qxd5 29. Nxd5 f4 30. b3 f3 31. Rxf3 Rxf3 32. gxf3 Rxf3 33. Kg2 Rf5 34. Nxd6
Nxd6 35. Rxd6 Bd4 36. Rd7+ Kh8 37. Rd8+ Kg7 38. Rd7+ Kf8 39. Kg3 h5 40. Nc7
Bf2+ 41. Kg2 h4 42. Rd5 Rf6 43. Ne6+ Kf7 44. Ng5+ 1-0

[Event "C.to Provinciale BG"]
[Site "Treviglio ITA"]
[Date "2014.01.25"]
[Round "4"]
[White "Oteri, Aldo"]
[Black "Colonetti, Fabio"]
[WhiteElo "1799"]
[BlackElo "1475"]
[Result "0-1"]
[PlyCount "59"]
[EventDate "2014.01.18"]

1. e4 Nf6 2. e5 Nd5 3. d4 d6 4. c4 Nb6 5. f4 g6 6. Nf3 Bg7 7. Be3 O-O 8. Nc3
Be6 9. b3 c5 10. dxc5 N6d7 11. cxd6 exd6 12. Qxd6 Nxe5 13. Qxd8 Nxf3+ 14. gxf3
Rxd8 15. Rc1 Nc6 16. Be2 Nb4 17. a3 Nd3+ 18. Bxd3 Rxd3 19. Bd2 Rad8 20. Nb1
Rxb3 21. Ke2 Bb2 22. Rc2 Bf5 23. Kd1 Rd4 24. Re1 Bxc2+ 25. Kxc2 Rdd3 26. Re8+
Kg7 27. Bc3+ Rdxc3+ 28. Nxc3 Rxc3+ 29. Kxb2 Rxc4 30. Re3 0-1

[Event "C.to Provinciale BG"]
[Site "Treviglio ITA"]
[Date "2014.01.25"]
[Round "4"]
[White "Raimondi, Celso"]
[Black "Leoni, Livio"]
[WhiteElo "1666"]
[BlackElo "2052"]
[Result "0-1"]
[PlyCount "94"]
[EventDate "2014.01.18"]

1. d4 Nf6 2. c4 e6 3. Nc3 Bb4 4. Qc2 O-O 5. a3 Bxc3+ 6. Qxc3 d6 7. Bg5 Nbd7 8.
Nf3 b6 9. e3 Bb7 10. Nd2 c5 11. f3 Rc8 12. Bd3 cxd4 13. exd4 d5 14. b3 Re8 15.
O-O h6 16. Bh4 Qc7 17. Rfe1 dxc4 18. bxc4 Nd5 19. Qc2 b5 20. c5 e5 21. Bg3 Qc6
22. Ne4 Re6 23. Nd6 Rxd6 24. cxd6 Qxc2 25. Bxc2 Rxc2 26. dxe5 Nc3 27. e6 fxe6
28. Rxe6 Ne2+ 29. Kh1 Nxg3+ 30. hxg3 Bc6 31. Rae1 Nf6 32. Re7 Bd7 33. Rxd7 Nxd7
34. Re7 Nf8 35. d7 Rd2 36. d8=Q Rxd8 37. Rxa7 Rb8 38. g4 Ne6 39. Kg1 Nc5 40.
Rc7 Nd3 41. Rc3 Rd8 42. Rb3 Rd5 43. Kh2 Kf7 44. g3 Ke6 45. f4 Kd6 46. Kg2 Kc6
47. Kf3 Nc5 0-1

[Event "C.to Provinciale BG"]
[Site "Treviglio ITA"]
[Date "2014.01.25"]
[Round "4"]
[White "Rossetti, Dario"]
[Black "Acunzo, Domenico"]
[WhiteElo "1431"]
[BlackElo "1730"]
[Result "1-0"]
[PlyCount "125"]
[EventDate "2014.01.18"]

1. e4 e6 2. Nf3 d5 3. exd5 exd5 4. d4 Nf6 5. Bg5 h6 6. Bh4 Be7 7. Ne5 O-O 8.
Be2 Re8 9. O-O Ne4 10. Bxe7 Rxe7 11. Nd2 Nxd2 12. Qxd2 Qd6 13. Rad1 Bf5 14. Bd3
Bxd3 15. Qxd3 Nc6 16. Nxc6 Qxc6 17. Rfe1 Rae8 18. Rxe7 Rxe7 19. Kf1 Qd6 20. Qh3
Qa6+ 21. Qd3 Qxa2 22. b3 Qa5 23. c4 dxc4 24. bxc4 Qa6 25. d5 Qd6 26. g3 b6 27.
Ra1 a5 28. Kg2 Re5 29. Qf3 Qd7 30. Ra3 Qe7 31. Rc3 Qc5 32. Qd3 g6 33. f4 Re1
34. f5 Qg1+ 35. Kh3 Qf1+ 36. Qxf1 Rxf1 37. fxg6 fxg6 38. Re3 Kf7 39. Re6 Rc1
40. Rc6 Ke7 41. Rxc7+ Kd8 42. Rb7 Rxc4 43. Rxb6 Kc7 44. Rxg6 Rd4 45. Rxh6 Rxd5
46. Rf6 Rd6 47. Rf4 Kb6 48. g4 Kb5 49. g5 a4 50. Kg4 a3 51. h4 a2 52. Rf1 Ka4
53. Ra1 Kb3 54. Kh5 Kb2 55. Rxa2+ Kxa2 56. g6 Rd1 57. Kh6 Kb3 58. h5 Kc4 59. g7
Rg1 60. Kh7 Kd5 61. g8=Q+ Rxg8 62. Kxg8 Ke6 63. h6 1-0

[Event "C.to Provinciale BG"]
[Site "Treviglio ITA"]
[Date "2014.01.25"]
[Round "4"]
[White "Sorbera, Paolo"]
[Black "Maffeis, Fabio"]
[WhiteElo "1696"]
[BlackElo "1490"]
[Result "1-0"]
[PlyCount "79"]
[EventDate "2014.01.18"]

1. e4 d5 2. exd5 Qxd5 3. Nc3 Qa5 4. d4 c6 5. Nf3 Bf5 6. Bc4 Nf6 7. Bd2 Qc7 8.
Ne5 e6 9. Bb3 Bd6 10. Qe2 Nbd7 11. Bf4 Ng4 12. Nxg4 Bxf4 13. g3 Bd6 14. Ne3 Bg6
15. f4 O-O 16. O-O Nf6 17. Ng4 Nd5 18. Nd1 c5 19. Bxd5 exd5 20. Nde3 Be4 21. c3
Rae8 22. Nf2 Bf5 23. Qd2 Be4 24. Nxe4 dxe4 25. d5 c4 26. a4 a5 27. Kh1 Rc8 28.
f5 f6 29. Nc2 Bc5 30. Qe2 e3 31. Qxc4 Rfe8 32. d6+ Qf7 33. Qxf7+ Kxf7 34. d7 e2
35. dxe8=Q+ Rxe8 36. Rf3 Rd8 37. Nd4 Rxd4 38. cxd4 Bb4 39. Re3 Bd2 40. Rxe2 1-0

[Event "C.to Provinciale BG"]
[Site "Treviglio ITA"]
[Date "2014.01.25"]
[Round "4"]
[White "Tedoldi, Guido"]
[Black "Catalano, Piero"]
[WhiteElo "1539"]
[BlackElo "1700"]
[Result "1/2-1/2"]
[PlyCount "46"]
[EventDate "2014.01.18"]

1. c4 Nf6 2. Nc3 g6 3. d4 d5 4. cxd5 Nxd5 5. e4 Nxc3 6. bxc3 Bg7 7. Nf3 O-O 8.
Bc4 c5 9. Be3 Nc6 10. e5 cxd4 11. cxd4 Qa5+ 12. Qd2 Qxd2+ 13. Nxd2 Rd8 14. Nb3
a6 15. a3 b5 16. Be2 Be6 17. Bf3 Bxb3 18. Bxc6 Rab8 19. O-O e6 20. Rab1 Bc4 21.
Rfc1 Bf8 22. a4 Rdc8 23. axb5 Bxb5 1/2-1/2

[Event "C.to Provinciale BG"]
[Site "Treviglio ITA"]
[Date "2014.01.25"]
[Round "4"]
[White "Ventura, Salvatore"]
[Black "Caldi, Irene"]
[WhiteElo "2045"]
[BlackElo "1715"]
[Result "1-0"]
[PlyCount "99"]
[EventDate "2014.01.18"]

1. e4 e5 2. Nf3 Nc6 3. Bb5 a6 4. Ba4 Nf6 5. O-O b5 6. Bb3 Be7 7. Re1 O-O 8. c3
Bb7 9. d4 d6 10. Nbd2 h6 11. Nf1 Re8 12. Ng3 Bf8 13. h3 Na5 14. Bc2 Nc4 15. b3
Nb6 16. Nh2 c6 17. Ng4 Bc8 18. Nf5 exd4 19. cxd4 Bxf5 20. exf5 Rxe1+ 21. Qxe1
Nxg4 22. hxg4 Qd7 23. g5 hxg5 24. Bxg5 Re8 25. Qd2 Nd5 26. g4 Be7 27. Bf4 Bd8
28. Bg3 Qe7 29. Kf1 Ba5 30. Qxa5 Qe2+ 31. Kg1 Qxc2 32. Qxa6 Qc3 33. Rf1 Nb4 34.
Qa7 d5 35. Kg2 Qc2 36. a3 Nd3 37. b4 Ne1+ 38. Kh3 Qd3 39. Rg1 Nf3 40. Rc1 Nxd4
41. Qc5 Rc8 42. Re1 Ne2 43. Qd6 Qd2 44. Rh1 Nxg3 45. Kxg3 Qd3+ 46. f3 Qxa3 47.
f6 Qc3 48. fxg7 Qxg7 49. Rh5 Qg6 50. Qe5 1-0

[Event "C.to Provinciale BG"]
[Site "Treviglio ITA"]
[Date "2014.01.25"]
[Round "4"]
[White "Villa, Giorgio"]
[Black "Cattaneo, Marco"]
[WhiteElo "1963"]
[BlackElo "2129"]
[Result "1/2-1/2"]
[PlyCount "40"]
[EventDate "2014.01.18"]

1. e4 c5 2. Nf3 g6 3. d4 Bg7 4. Nc3 cxd4 5. Nxd4 Nc6 6. Nde2 Nf6 7. g3 O-O 8.
Bg2 Rb8 9. a4 a6 10. O-O b5 11. axb5 axb5 12. Nd5 d6 13. h3 Nd7 14. Ra2 Bb7 15.
Be3 Ra8 16. Rxa8 Bxa8 17. Nd4 Nxd4 18. Bxd4 Bxd4 19. Qxd4 Bxd5 20. exd5 Qb6
1/2-1/2

[Event "C.to Provinciale BG"]
[Site "Treviglio ITA"]
[Date "2014.01.26"]
[Round "5"]
[White "Andolfatto, Maria"]
[Black "Tedoldi, Guido"]
[WhiteElo "1493"]
[BlackElo "1539"]
[Result "0-1"]
[PlyCount "106"]
[EventDate "2014.01.18"]

1. e4 c5 2. Nc3 Nc6 3. f4 e5 4. d3 Nf6 5. Nf3 d6 6. h3 Be7 7. f5 g6 8. g4 gxf5
9. exf5 Nd4 10. g5 Ng8 11. f6 Bf8 12. h4 Be6 13. Bg2 Rb8 14. Nxd4 cxd4 15. Nd5
Bxd5 16. Bxd5 Qa5+ 17. c3 Qxd5 18. Rf1 a6 19. Qe2 dxc3 20. bxc3 Rc8 21. Bb2 h6
22. g6 Nxf6 23. Rxf6 Qh1+ 24. Qf1 Qxf1+ 25. Kxf1 fxg6 26. Rxg6 Rh7 27. Re1 Rf7+
28. Kg2 Kd7 29. d4 Re8 30. dxe5 Rxe5 31. Rxe5 dxe5 32. c4 Rf4 33. Bxe5 Rxc4 34.
Bg7 Bxg7 35. Rxg7+ Kc8 36. Rg6 Rxh4 37. Kg3 Rh5 38. a4 Rg5+ 39. Rxg5 hxg5 40.
Kg4 Kc7 41. Kxg5 Kc6 42. Kf4 Kc5 43. Ke3 Kb4 44. Kd2 Kxa4 45. Kc1 Kb3 46. Kb1
b5 47. Ka1 a5 48. Kb1 a4 49. Ka1 b4 50. Kb1 a3 51. Ka1 Kc3 52. Kb1 b3 53. Ka1
b2+ 0-1

[Event "C.to Provinciale BG"]
[Site "Treviglio ITA"]
[Date "2014.01.26"]
[Round "5"]
[White "Bonassi, Tommaso"]
[Black "Ventura, Salvatore"]
[WhiteElo "1953"]
[BlackElo "2045"]
[Result "1/2-1/2"]
[PlyCount "105"]
[EventDate "2014.01.18"]

1. e4 c5 2. Nf3 Nc6 3. d4 cxd4 4. Nxd4 g6 5. Nxc6 bxc6 6. Bd3 Bg7 7. O-O d6 8.
Kh1 Nf6 9. f4 O-O 10. Bd2 Rb8 11. Bc3 Ng4 12. Bxg7 Kxg7 13. Qe1 Qb6 14. b3 d5
15. Nd2 e6 16. f5 dxe4 17. Nc4 Qc7 18. f6+ Kg8 19. Qh4 Qxh2+ 20. Qxh2 Nxh2 21.
Kxh2 exd3 22. cxd3 Rb5 23. g4 Rd8 24. Rf3 h5 25. gxh5 Rxh5+ 26. Kg2 Bb7 27. Kf2
c5 28. Rg3 Rf5+ 29. Ke3 Rxf6 30. Ne5 Rf5 31. Ng4 Kg7 32. Nf2 Rfd5 33. Rc1 Bc6
34. Kd2 e5 35. Re1 f5 36. Reg1 R8d6 37. Kc3 Rd4 38. Re1 Kf6 39. Reg1 Kf7 40.
Re1 R4d5 41. Rh1 Kg7 42. Rgh3 Rd7 43. Rg3 Kf6 44. Rh6 Rg7 45. Rf3 Ke7 46. Rg3
Rd6 47. Re3 Re6 48. Rh8 g5 49. Rf3 Rf7 50. Ra8 Kf6 51. Ne4+ Kg6 52. Rg8+ Kh7
53. Rxg5 1/2-1/2

[Event "C.to Provinciale BG"]
[Site "Treviglio ITA"]
[Date "2014.01.26"]
[Round "5"]
[White "Caldi, Irene"]
[Black "Rossetti, Dario"]
[WhiteElo "1715"]
[BlackElo "1431"]
[Result "1-0"]
[PlyCount "91"]
[EventDate "2014.01.18"]

1. e4 e6 2. Nc3 g6 3. d4 Bg7 4. Nf3 d6 5. Be2 Nf6 6. O-O O-O 7. Bg5 Qd7 8. Qd2
Ne8 9. Bh6 f6 10. a3 Bxh6 11. Qxh6 Qg7 12. Qe3 Nd7 13. Bc4 Nb6 14. Bb3 Kh8 15.
Nd2 Bd7 16. f4 Nc8 17. Rf3 Ne7 18. Raf1 f5 19. e5 d5 20. Na4 c6 21. Nc5 Bc8 22.
Qe2 Nc7 23. a4 b6 24. Nd3 a5 25. Rg3 Kg8 26. h4 h5 27. Rff3 Kf7 28. Rf1 Ba6 29.
Nf3 Rh8 30. Ng5+ Kf8 31. Qf2 Kg8 32. Rc1 Bc8 33. Ba2 Qf8 34. b3 Na6 35. c3 Bd7
36. Qc2 Kg7 37. b4 Nc7 38. Rb1 Qb8 39. Qb2 Nc8 40. bxa5 Rxa5 41. Nc5 Rd8 42.
Qb4 Qa8 43. Nxd7 Rxd7 44. Bb3 Na6 45. Nxe6+ Kh8 46. Qf8+ 1-0

[Event "C.to Provinciale BG"]
[Site "Treviglio ITA"]
[Date "2014.01.26"]
[Round "5"]
[White "Catalano, Piero"]
[Black "Raimondi, Celso"]
[WhiteElo "1700"]
[BlackElo "1666"]
[Result "0-1"]
[PlyCount "128"]
[EventDate "2014.01.18"]

1. e4 c5 2. b4 cxb4 3. a3 e6 4. axb4 Bxb4 5. c3 Be7 6. d4 d6 7. Nf3 Qc7 8. Bd3
Bf6 9. O-O Nc6 10. Na3 a6 11. Bf4 Na5 12. Nb5 axb5 13. Bxb5+ Bd7 14. Qa4 b6 15.
Qb4 Bxb5 16. Qxb5+ Kd8 17. e5 Be7 18. exd6 Bxd6 19. Ne5 Ke7 20. Nc6+ Kf8 21.
Bxd6+ Qxd6 22. Qxb6 Ne7 23. Rxa5 Rxa5 24. Qxa5 Nxc6 25. Qa8+ Nd8 26. c4 Qxd4
27. Qa3+ Kg8 28. Qa4 g6 29. Rd1 Qf6 30. c5 Kg7 31. c6 Qc3 32. c7 Qxc7 33. Qd4+
e5 34. Qb2 Ne6 35. Re1 f6 36. Rc1 Qd7 37. h3 Rd8 38. Rb1 Nc5 39. Qb4 Nd3 40.
Qa3 Kh6 41. Qa5 Qd4 42. Qd2+ Qf4 43. Qe2 Qxf2+ 44. Qxf2 Nxf2 45. Kxf2 e4 46.
Re1 f5 47. Kg3 g5 48. Re2 Kg6 49. Kf2 Re8 50. Ke3 f4+ 51. Kd4 e3 52. g3 h5 53.
g4 hxg4 54. hxg4 Rd8+ 55. Ke5 Rd2 56. Re1 Rg2 57. Ra1 Rxg4 58. Ra6+ Kh5 59. Kf5
Kh4 60. Ra1 Rg2 61. Rh1+ Kg3 62. Kxg5 e2 63. Kf5 f3 64. Ke4 f2 0-1

[Event "C.to Provinciale BG"]
[Site "Treviglio ITA"]
[Date "2014.01.26"]
[Round "5"]
[White "Cattaneo, Marco"]
[Black "Locatelli, Andrea"]
[WhiteElo "2129"]
[BlackElo "2110"]
[Result "0-1"]
[PlyCount "60"]
[EventDate "2014.01.18"]

1. d4 Nf6 2. Nf3 g6 3. c4 Bg7 4. Nc3 O-O 5. e4 d6 6. h3 e5 7. d5 a5 8. Bg5 h6
9. Be3 Na6 10. Be2 Bd7 11. Nd2 Ne8 12. g4 c6 13. h4 f5 14. gxf5 gxf5 15. exf5
Bxf5 16. Nde4 Nf6 17. Ng3 Bh7 18. Qd2 Nb4 19. Rc1 e4 20. Bxh6 Bxh6 21. Qxh6 Kh8
22. O-O Rg8 23. h5 Qe7 24. a3 Nd3 25. Bxd3 Ng4 26. Qxh7+ Kxh7 27. Bxe4+ Kh8 28.
Kg2 Raf8 29. Rc2 Ne3+ 30. fxe3 Rxg3+ 0-1

[Event "C.to Provinciale BG"]
[Site "Treviglio ITA"]
[Date "2014.01.26"]
[Round "5"]
[White "Colonetti, Fabio"]
[Black "Guerini, Silvia jr"]
[WhiteElo "1475"]
[BlackElo "1823"]
[Result "0-1"]
[PlyCount "86"]
[EventDate "2014.01.18"]

1. e4 d5 2. exd5 Qxd5 3. Nc3 Qa5 4. Nf3 Nf6 5. Bc4 c6 6. O-O Bg4 7. d4 e6 8.
Bg5 Bxf3 9. Qxf3 Qxg5 10. Rad1 Be7 11. Rfe1 Nbd7 12. a4 O-O 13. Qe2 Rfe8 14.
Ra1 c5 15. dxc5 Qxc5 16. Rad1 Rad8 17. Bb5 a6 18. Bxd7 Nxd7 19. Qe3 Qxe3 20.
Rxe3 Nf6 21. Red3 Rxd3 22. Rxd3 Rd8 23. Rxd8+ Bxd8 24. Kf1 Ba5 25. Ke2 Bxc3 26.
bxc3 Kf8 27. h3 Ke7 28. Ke3 Kd6 29. Kd4 Nd5 30. c4 Nf6 31. g4 e5+ 32. Kd3 Kc5
33. c3 e4+ 34. Ke3 Kxc4 35. g5 Nd5+ 36. Kxe4 Nxc3+ 37. Ke5 b5 38. axb5 axb5 39.
Kd6 b4 40. Ke7 b3 41. Kxf7 b2 42. Kxg7 b1=Q 43. h4 Qg6+ 0-1

[Event "C.to Provinciale BG"]
[Site "Treviglio ITA"]
[Date "2014.01.26"]
[Round "5"]
[White "Ferrari, Paolo"]
[Black "Attuati, Luca"]
[WhiteElo "1661"]
[BlackElo "1519"]
[Result "1-0"]
[PlyCount "93"]
[EventDate "2014.01.18"]

1. d4 d5 2. c4 c6 3. Nc3 Nf6 4. Nf3 e6 5. Bg5 Nbd7 6. e3 Be7 7. Qc2 O-O 8. cxd5
cxd5 9. Bd3 Ne4 10. Bxe7 Qxe7 11. Nxe4 dxe4 12. Bxe4 Qb4+ 13. Qc3 Qb5 14. Bd3
Qh5 15. O-O Nf6 16. Qd2 b6 17. Ne5 Bb7 18. Be2 Qg5 19. Bf3 Nd5 20. Rac1 Rac8
21. Nd3 Ba6 22. Rfd1 Rfd8 23. Nb4 Bb7 24. Nxd5 exd5 25. Qb4 g6 26. a4 Rxc1 27.
Rxc1 Rc8 28. Rxc8+ Bxc8 29. Qb5 Be6 30. a5 Qd8 31. b4 Qc7 32. h4 Qc1+ 33. Qf1
Qc4 34. axb6 axb6 35. b5 Bd7 36. Be2 Qc7 37. Qa1 h5 38. Qa8+ Kg7 39. Qxd5 Qc1+
40. Kh2 Qc7+ 41. f4 Kf8 42. Bc4 Be6 43. Qa8+ Ke7 44. Bxe6 Kxe6 45. Qe8+ Kf5 46.
Kg3 Qd6 47. e4+ 1-0

[Event "C.to Provinciale BG"]
[Site "Treviglio ITA"]
[Date "2014.01.26"]
[Round "5"]
[White "Folcini, Gaddo"]
[Black "Sorbera, Paolo"]
[WhiteElo "1579"]
[BlackElo "1696"]
[Result "0-1"]
[PlyCount "140"]
[EventDate "2014.01.18"]

1. d4 Nf6 2. e4 Nxe4 3. Nf3 e6 4. Bd3 Nf6 5. O-O d5 6. Bg5 h6 7. Bxf6 Qxf6 8.
Nbd2 Nc6 9. Bb5 a6 10. Bxc6+ bxc6 11. Ne5 Bb7 12. Ndf3 Bd6 13. c3 Qe7 14. Qa4
Bxe5 15. Nxe5 Qd6 16. Qc2 O-O 17. f4 f5 18. Rf3 Rf6 19. Qf2 Kh7 20. Re1 a5 21.
g4 fxg4 22. Rg3 Raf8 23. Rxg4 g5 24. Qc2+ Rf5 25. fxg5 Rg8 26. g6+ Kg7 27. Qd2
Qe7 28. Nf7 Kf8 29. Qxh6+ Ke8 30. Qh7 Qf8 31. Rxe6+ Kd7 32. Re1 Rxf7 33. Qxf7+
Qxf7 34. gxf7 Rxg4+ 35. Kh1 Rf4 36. Re8 Rxf7 37. Rb8 Bc8 38. Ra8 Rf2 39. h4 c5
40. Rxa5 Rxb2 41. h5 Ke7 42. Rxc5 Kd6 43. a4 Bg4 44. h6 Bf3+ 45. Kg1 Rg2+ 46.
Kf1 Rh2 47. a5 Be2+ 48. Ke1 Bc4 49. Kd1 Rxh6 50. Kc1 c6 51. Kb2 Rh3 52. a6 Rh2+
53. Kb1 Bxa6 54. Ra5 Bb5 55. Ra8 Kc7 56. Rf8 Kb6 57. Rb8+ Ka5 58. Ra8+ Ba6 59.
Rb8 Ka4 60. Rb4+ Ka3 61. Kc1 Bb5 62. Kd1 Ba4+ 63. Ke1 Rc2 64. Rb8 Rxc3 65. Kd2
Rc4 66. Ke3 Bb5 67. Rb7 Rc3+ 68. Kf4 Kb4 69. Ke5 Kc4 70. Rh7 Re3+ 0-1

[Event "C.to Provinciale BG"]
[Site "Treviglio ITA"]
[Date "2014.01.26"]
[Round "5"]
[White "Leoni, Livio"]
[Black "Corbellini, Nicola"]
[WhiteElo "2052"]
[BlackElo "1938"]
[Result "1/2-1/2"]
[PlyCount "89"]
[EventDate "2014.01.18"]

1. e4 c5 2. Nf3 d6 3. d4 cxd4 4. Nxd4 Nf6 5. Nc3 a6 6. Be3 e6 7. f3 b5 8. Qd2
Nbd7 9. g4 Nb6 10. O-O-O Bb7 11. g5 Nfd7 12. Bd3 Rc8 13. Kb1 Qc7 14. h4 Ne5 15.
Qf2 Nbc4 16. Bc1 b4 17. Nce2 d5 18. f4 dxe4 19. Bxc4 Nxc4 20. Rhf1 Bc5 21. h5
Bd5 22. g6 hxg6 23. hxg6 f6 24. Rh1 Ke7 25. Rh4 Qa5 26. b3 Nd6 27. Qh2 Rhg8 28.
Rh7 Bxd4 29. Nxd4 Nb5 30. Nxb5 axb5 31. Bb2 Kf8 32. Rh8 Qc7 33. Rxg8+ Kxg8 34.
Qh7+ Kf8 35. Qh8+ Ke7 36. Qxg7+ Kd6 37. Qxc7+ Kxc7 38. Bxf6 Rg8 39. g7 Kd7 40.
Rh1 Ke8 41. Rh8 Kf7 42. Kc1 e3 43. Rxg8 Kxg8 44. Kd1 Be4 45. c3 1/2-1/2

[Event "C.to Provinciale BG"]
[Site "Treviglio ITA"]
[Date "2014.01.26"]
[Round "5"]
[White "Maffeis, Fabio"]
[Black "Guerini, Sara"]
[WhiteElo "1490"]
[BlackElo "1754"]
[Result "0-1"]
[PlyCount "54"]
[EventDate "2014.01.18"]

1. d4 d5 2. c4 e6 3. Nf3 Nf6 4. Nc3 Nbd7 5. Bf4 c6 6. e3 Be7 7. Bd3 Nh5 8. Bg3
Nxg3 9. hxg3 h6 10. Qc2 Nf6 11. e4 dxe4 12. Nxe4 Nxe4 13. Bxe4 Bb4+ 14. Ke2 Qe7
15. Rhd1 Bd6 16. Ne5 Qf6 17. f4 O-O 18. Ng4 Qe7 19. Ne5 Qc7 20. c5 Bxe5 21.
dxe5 Bd7 22. b4 Rfd8 23. Rd6 a5 24. Rb1 axb4 25. Rxb4 Qa5 26. Rxb7 Qa6+ 27. Qd3
Qxb7 0-1

[Event "C.to Provinciale BG"]
[Site "Treviglio ITA"]
[Date "2014.01.26"]
[Round "5"]
[White "Mansueti, Marco"]
[Black "Filice, Davide"]
[WhiteElo "1865"]
[BlackElo "1783"]
[Result "1/2-1/2"]
[PlyCount "107"]
[EventDate "2014.01.18"]

1. e4 e5 2. Nf3 Nc6 3. d4 exd4 4. c3 d5 5. Nxd4 dxe4 6. Bb5 Bd7 7. Qa4 Nxd4 8.
Qxd4 Bxb5 9. Qe5+ Qe7 10. Qxb5+ c6 11. Qc4 O-O-O 12. Be3 Kb8 13. Nd2 f5 14. Qa4
a6 15. O-O-O Nf6 16. Bf4+ Ka8 17. Nc4 Nd5 18. Qa5 g5 19. Nb6+ Ka7 20. Nxd5 Rxd5
21. Be3+ Kb8 22. Rxd5 cxd5 23. Qxd5 f4 24. Bd4 Bg7 25. Bxg7 Qxg7 26. Qxe4 Rd8
27. Rd1 Rxd1+ 28. Kxd1 Qd7+ 29. Kc2 h6 30. h4 Qb5 31. hxg5 hxg5 32. b3 Qc5 33.
Qd4 Qf5+ 34. Kb2 Qe6 35. Qd8+ Ka7 36. Qxg5 Qe2+ 37. Ka3 Qxf2 38. Qd5 Qg3 39.
Kb4 Qg4 40. Qd4+ Ka8 41. a4 Qxg2 42. Qxf4 Qe2 43. Qf8+ Ka7 44. Qc5+ Kb8 45. Ka5
Qd1 46. Qe5+ Kc8 47. Qe8+ Kc7 48. Qe7+ Kb8 49. Kb4 Qg4+ 50. c4 Qd1 51. Qe5+ Ka8
52. Qd5 Qe1+ 53. Kc5 Qe3+ 54. Kb4 1/2-1/2

[Event "C.to Provinciale BG"]
[Site "Treviglio ITA"]
[Date "2014.01.26"]
[Round "5"]
[White "Oteri, Aldo"]
[Black "Biava, Pierluigi"]
[WhiteElo "1799"]
[BlackElo "1691"]
[Result "1-0"]
[PlyCount "93"]
[EventDate "2014.01.18"]

1. e4 c5 2. Nf3 e6 3. d4 cxd4 4. Nxd4 a6 5. c4 Nf6 6. Nc3 Bb4 7. Bd3 Nc6 8. Nc2
Qa5 9. Nxb4 Nxb4 10. Bb1 O-O 11. O-O d5 12. cxd5 exd5 13. e5 Ng4 14. Bf4 Be6
15. h3 Nh6 16. a3 Nf5 17. g4 d4 18. Na4 Nd5 19. Bd2 Qb5 20. gxf5 Bd7 21. Qh5
Ne7 22. f6 Ng6 23. Bh6 gxf6 24. Bxf8 Rxf8 25. f4 fxe5 26. Bxg6 hxg6 27. Qd1
Bxh3 28. Rf2 Bd7 29. b3 Bc6 30. Nb2 Qd5 31. Kh2 Kg7 32. Nd3 Rh8+ 33. Kg3 Qe6
34. Qg4 f5 35. Qg5 Rh5 36. Qd8 Rh8 37. Qc7+ Kg8 38. Qb8+ Kg7 39. Qxe5+ Qxe5 40.
Nxe5 Be4 41. Rc1 Rd8 42. Rc7+ Kf6 43. Rf7+ Ke6 44. Rg7 d3 45. Rd2 Rd4 46. Rxg6+
Kd5 47. Nf3 1-0

[Event "C.to Provinciale BG"]
[Site "Treviglio ITA"]
[Date "2014.01.26"]
[Round "5"]
[White "Ranfagni, Stefano"]
[Black "Villa, Giorgio"]
[WhiteElo "2005"]
[BlackElo "1963"]
[Result "1-0"]
[PlyCount "75"]
[EventDate "2014.01.18"]

1. c4 c6 2. Nc3 Nf6 3. e4 e5 4. Nf3 d6 5. d4 Nbd7 6. Bd3 g6 7. O-O Bg7 8. h3
O-O 9. Bg5 h6 10. Bh4 Qb6 11. Na4 Qa5 12. a3 exd4 13. b4 Qc7 14. Nxd4 Ne5 15.
Rc1 Nxd3 16. Qxd3 Re8 17. Rfe1 Nh5 18. f3 Nf4 19. Qd2 Ne6 20. Nxe6 Rxe6 21. Bg3
Kh7 22. Nc5 Re5 23. Bxe5 Bxe5 24. Nd3 Bg3 25. Red1 a5 26. b5 cxb5 27. cxb5 Qb6+
28. Kh1 Qxb5 29. Nf4 Qe5 30. Ne2 Bf2 31. Qxd6 Qxd6 32. Rxd6 b6 33. Rc7 Kg7 34.
Rd8 Bb7 35. Rdd7 Ra6 36. Rxf7+ Kg8 37. Rg7+ Kh8 38. Nf4 1-0